[Event "4th GRENKE Open 2019"]
[Site "Karlsruhe"]
[Date "2019.04.20"]
[Round "5.61"]
[White "Perske, Thore"]
[Black "Olcum, Ahmet"]
[Result "1-0"]
[WhiteElo "2450"]
[BlackElo "2281"]
[Annotator "ChessBase"]
[PlyCount "117"]
[EventDate "2019.04.18"]
[EventType "swiss"]
[EventCountry "GER"]
[SourceTitle "playchess.com"]
[Source "ChessBase"]
[SourceQuality "1"]

1. e4 d6 2. d4 Nf6 3. Nc3 e5 4. Nf3 Nbd7 5. Bc4 Be7 6. O-O c6 7. a4 h6 8. Re1 Qc7 9. a5 Nf8 10. d5 Ng6 11. a6 b5 12. Bb3 O-O 13. dxc6 Qxc6 14. Nd5 Be6 15. Nh4 Bxd5 16. Nxg6 fxg6 17. Bxd5+ Nxd5 18. Qxd5+ Qxd5 19. exd5 Rfc8 20. c3 Bg5 21. Bxg5 hxg5 22. Ra5 Rab8 23. Rc1 Kf7 24. h3 Ke7 25. f3 Rc5 26. Rd1 Rb6 27. Kf2 b4 28. Rxc5 dxc5 29. Ra1 bxc3 30. bxc3 Kd6 31. c4 Rb4 32. Rc1 Ra4 33. Kg3 Rxa6 34. Rc2 Ke7 35. Re2 Kf6 36. Rd2 Kf7 37. d6 Ke8 38. Rd5 Kd7 39. Rxe5 Kxd6 40. Rxg5 Kc7 41. Rxc5+ Rc6 42. Ra5 Kb6 43. Ra4 a6 44. Kf4 Re6 45. Kg5 Kc5 46. f4 Kd4 47. g4 Kc3 48. c5 Rc6 49. h4 Kb3 50. Rd4 a5 51. Rd6 Rxc5+ 52. Kxg6 Rc4 53. g5 Rxf4 54. h5 Rh4 55. Rb6+ Kc4 56. Rb7 a4 57. Rxg7 a3 58. h6 Kb3 59. Rb7+ 1-0

[Event "4th GRENKE Open 2019"]
[Site "Karlsruhe"]
[Date "2019.04.20"]
[Round "5.62"]
[White "Garriga Cazorla, Pere"]
[Black "Kathmale, Sameer"]
[Result "1-0"]
[WhiteElo "2445"]
[BlackElo "2279"]
[Annotator "NA"]
[PlyCount "95"]
[EventDate "2019.04.18"]
[EventType "swiss"]
[EventCountry "GER"]
[SourceTitle "playchess.com"]
[Source "ChessBase"]
[SourceQuality "1"]

1. d4 Nf6 2. c4 g6 3. Nc3 Bg7 4. e4 d6 5. Nf3 O-O 6. h3 c6 7. Be2 a6 8. O-O b5 9. e5 Ne8 10. Bf4 Nd7 11. Re1 bxc4 12. Bxc4 Nb6 13. Bb3 Nc7 14. Rc1 Ne6 15. Bg3 d5 16. Ne2 Bd7 17. Nf4 Bh6 18. Nxe6 fxe6 19. Rc3 a5 20. Bc2 Nc4 21. b3 Na3 22. Bd3 Qb6 23. Rc5 Qb4 24. Bh4 Rxf3 25. gxf3 Qxd4 26. Bxe7 Bf8 27. Bxf8 Kxf8 28. Rc1 Kg7 29. Qd2 Rf8 30. Qe3 Qh4 31. Kg2 Be8 32. Rg1 d4 33. Qe2 Nb5 34. Bxb5 cxb5 35. Rc7+ Kh6 36. Kh2 Qf4+ 37. Rg3 g5 38. Kg2 Bg6 39. Qxb5 d3 40. Rc4 Qf5 41. h4 g4 42. Qxa5 gxf3+ 43. Kh2 Kg7 44. Rg5 d2 45. Qxd2 Qb1 46. Rc7+ Kh8 47. Qd7 Rg8 48. Qe7 1-0

[Event "4th GRENKE Open 2019"]
[Site "Karlsruhe"]
[Date "2019.04.20"]
[Round "5.63"]
[White "Krause, Benedict"]
[Black "Beeke, Bob"]
[Result "1-0"]
[WhiteElo "2435"]
[BlackElo "2279"]
[Annotator "NA"]
[PlyCount "30"]
[EventDate "2019.04.18"]
[EventType "swiss"]
[EventCountry "GER"]
[SourceTitle "playchess.com"]
[Source "ChessBase"]
[SourceQuality "1"]

1. e4 e5 2. Nf3 Nc6 3. Bc4 Bc5 4. O-O Nf6 5. d3 a6 6. c3 Ba7 7. Nbd2 O-O 8. h3 d6 9. Bb3 Ne7 10. Re1 Ng6 11. Nf1 h6 12. Ng3 Be6 13. d4 Re8 14. Be3 Qc8 15. Bc2 Bd7 1-0

[Event "4th GRENKE Open 2019"]
[Site "Karlsruhe"]
[Date "2019.04.20"]
[Round "5.64"]
[White "Carlstedt, Jonathan"]
[Black "Barzen, Pascal"]
[Result "0-1"]
[WhiteElo "2433"]
[BlackElo "2278"]
[Annotator "NA"]
[PlyCount "56"]
[EventDate "2019.04.18"]
[EventType "swiss"]
[EventCountry "GER"]
[SourceTitle "playchess.com"]
[Source "ChessBase"]
[SourceQuality "1"]

1. d4 Nf6 2. Bf4 e6 3. e3 b6 4. Nf3 Bb7 5. Nbd2 d5 6. Bd3 Bd6 7. Ne5 O-O 8. Bg5 c5 9. c3 Nc6 10. f4 Be7 11. Qf3 Nxe5 12. fxe5 Ne4 13. Bxe7 Qxe7 14. Bxe4 dxe4 15. Qg3 f5 16. exf6 Rxf6 17. Rf1 Rg6 18. Qf2 Ba6 19. c4 cxd4 20. exd4 b5 21. c5 b4 22. Rg1 Bd3 23. O-O-O Qg5 24. Rde1 Qd5 25. g4 Rf8 26. Qg2 Qxa2 27. Nxe4 Qc4+ 28. Kd1 Rxg4 0-1

[Event "4th GRENKE Open 2019"]
[Site "Karlsruhe"]
[Date "2019.04.20"]
[Round "5.65"]
[White "Paltrinieri, Nicholas"]
[Black "Kilgus, Georg"]
[Result "0-1"]
[WhiteElo "2276"]
[BlackElo "2429"]
[Annotator "NA"]
[PlyCount "120"]
[EventDate "2019.04.18"]
[EventType "swiss"]
[EventCountry "GER"]
[SourceTitle "playchess.com"]
[Source "ChessBase"]
[SourceQuality "1"]

1. d4 Nf6 2. Bg5 d5 3. Bxf6 gxf6 4. c4 e5 5. e3 c6 6. Nc3 Bb4 7. Qb3 Qa5 8. Nf3 e4 9. Nd2 Be6 10. a3 Bxc3 11. bxc3 b6 12. Be2 f5 13. O-O Rg8 14. Rfd1 dxc4 15. Bxc4 Rg6 16. a4 Nd7 17. Qc2 Bxc4 18. Nxc4 Qd5 19. Nd2 Ke7 20. c4 Qd6 21. Nf1 Rag8 22. Ng3 Qf6 23. Qe2 Rg5 24. Kh1 Qg6 25. f4 Rxg3 26. hxg3 Qxg3 27. Rd2 Qh4+ 28. Kg1 Nf6 29. Qe1 Rg3 30. Rf2 Ng4 31. Ra3 Qh2+ 32. Kf1 Qh1+ 33. Ke2 Nxf2 34. Qxh1 Nxh1 35. Kf1 Rg8 36. a5 Ng3+ 37. Kf2 Nh5 38. axb6 axb6 39. Ra7+ Ke6 40. Rc7 Rd8 41. Rxc6+ Rd6 42. Rc7 Nf6 43. d5+ Nxd5 44. cxd5+ Rxd5 45. Rb7 Rb5 46. Ke1 h5 47. g3 Rb2 48. Kd1 Kf6 49. Kc1 Rb3 50. Kc2 Rxe3 51. Rxb6+ Kg7 52. Rb5 Rxg3 53. Rxf5 h4 54. Rh5 h3 55. Kd2 Kg6 56. Rh8 Kf5 57. Rh4 Ra3 58. Ke1 h2 59. Kf1 h1=Q+ 60. Rxh1 Ra1+ 0-1

[Event "4th GRENKE Open 2019"]
[Site "Karlsruhe"]
[Date "2019.04.20"]
[Round "5.66"]
[White "Lagunow, Raphael"]
[Black "Hecht, Carsten"]
[Result "1/2-1/2"]
[WhiteElo "2428"]
[BlackElo "2273"]
[Annotator "NA"]
[PlyCount "155"]
[EventDate "2019.04.18"]
[EventType "swiss"]
[EventCountry "GER"]
[SourceTitle "playchess.com"]
[Source "ChessBase"]
[SourceQuality "1"]

1. Nf3 Nf6 2. c4 g6 3. g3 Bg7 4. Bg2 c6 5. d4 d5 6. Nbd2 O-O 7. O-O Bf5 8. b3 a5 9. Bb2 Na6 10. Nh4 Be6 11. e3 Qd7 12. Re1 Bh3 13. Bh1 Rfd8 14. Nhf3 Qf5 15. Nh4 Qd7 16. Ndf3 Ne4 17. Ne5 Bxe5 18. dxe5 Qe6 19. Qe2 f5 20. exf6 exf6 21. cxd5 Rxd5 22. Qc4 Nac5 23. Bd4 Re8 24. Qc2 Nd7 25. Rad1 Kf7 26. f3 Nd6 27. e4 Nb5 28. Bb2 Rxd1 29. Rxd1 Qe7 30. Ng2 Qc5+ 31. Qxc5 Nxc5 32. Nf4 Bc8 33. Bg2 Ne6 34. Nxe6 Bxe6 35. Kf2 Re7 36. f4 Rd7 37. Rxd7+ Bxd7 38. Ke3 Ke7 39. h3 f5 40. exf5 Bxf5 41. g4 Bb1 42. Be4 Bxa2 43. f5 Kf7 44. fxg6+ hxg6 45. Bc2 c5 46. h4 c4 47. bxc4 Nd6 48. Kf4 Nxc4 49. Bc3 Na3 50. Be4 b5 51. Bxa5 Nc4 52. Bb4 Bb3 53. Kg5 Bd1 54. Bxg6+ Kg8 55. h5 Ne5 56. Bf5 Nf7+ 57. Kf6 Nh6 58. Be6+ Kh7 59. g5 Bxh5 60. gxh6 Kxh6 61. Bf5 Be8 62. Bg4 Kh7 63. Bf5+ Kh6 64. Ke7 Bg6 65. Bd7 Kg5 66. Bxb5 Kf4 67. Kf6 Be4 68. Bd6+ Ke3 69. Ke5 Bd3 70. Bc5+ Ke2 71. Bc6 Kd2 72. Kd4 Bc2 73. Bb4+ Ke2 74. Bd5 Kf2 75. Kc3 Bf5 76. Bc5+ Kg3 77. Kd4 Kf4 78. Bd6+ 1/2-1/2

[Event "4th GRENKE Open 2019"]
[Site "Karlsruhe"]
[Date "2019.04.20"]
[Round "5.67"]
[White "Schmider, Niklas"]
[Black "Mendonca, Leon Luke"]
[Result "1/2-1/2"]
[WhiteElo "2260"]
[BlackElo "2427"]
[Annotator "NA"]
[PlyCount "92"]
[EventDate "2019.04.18"]
[EventType "swiss"]
[EventCountry "GER"]
[SourceTitle "playchess.com"]
[Source "ChessBase"]
[SourceQuality "1"]

1. e4 c5 2. Nf3 d6 3. d4 cxd4 4. Nxd4 Nf6 5. Nc3 a6 6. Bg5 e6 7. f4 h6 8. Bh4 Qb6 9. a3 Be7 10. Bf2 Qc7 11. Qf3 Nbd7 12. O-O-O b5 13. g4 Bb7 14. h4 Nc5 15. Bd3 h5 16. g5 Ng4 17. Kb1 g6 18. Rhe1 O-O-O 19. Bg1 Kb8 20. Qg3 Rhe8 21. Bf1 Bf8 22. Bh3 Rc8 23. Bxg4 hxg4 24. Qxg4 e5 25. fxe5 dxe5 26. Bh2 Na4 27. Nxa4 bxa4 28. Qe2 Ka8 29. Nf3 Re6 30. Rd3 Qa5 31. Qd2 Qb5 32. Rc3 Rb8 33. Qd3 Qa5 34. Bg1 Bc6 35. Qe3 Rb7 36. Rd1 Be7 37. Ka1 Qb5 38. Rb1 Kb8 39. Qd3 Qxd3 40. cxd3 Bb5 41. Rbc1 Rd7 42. Bh2 Bd6 43. R1c2 Kb7 44. Rd2 Re8 45. Kb1 Bc7 46. Rc5 Bxd3+ 1/2-1/2

[Event "4th GRENKE Open 2019"]
[Site "Karlsruhe"]
[Date "2019.04.20"]
[Round "5.68"]
[White "Kopylov, Michael"]
[Black "Ragger, Anna-Christina"]
[Result "1-0"]
[WhiteElo "2414"]
[BlackElo "2270"]
[Annotator "NA"]
[PlyCount "67"]
[EventDate "2019.04.18"]
[EventType "swiss"]
[EventCountry "GER"]
[SourceTitle "playchess.com"]
[Source "ChessBase"]
[SourceQuality "1"]

1. d4 d5 2. c4 e6 3. Nf3 a6 4. Nbd2 c5 5. cxd5 exd5 6. e4 dxe4 7. Nxe4 cxd4 8. Bc4 Bb4+ 9. Bd2 Bxd2+ 10. Qxd2 Nh6 11. Qxd4 Qa5+ 12. b4 Qxb4+ 13. Nfd2 Nc6 14. Qxg7 Qf8 15. Qg5 Ng8 16. O-O Qh6 17. Qc5 Nge7 18. Nd6+ Kf8 19. Nxf7 Qxd2 20. Nxh8 Qd4 21. Qxd4 Nxd4 22. Rad1 b5 23. Rxd4 bxc4 24. Rd8+ Kg7 25. Re1 Nc6 26. Rd6 Na5 27. Re7+ Kf8 28. Rxh7 Kg8 29. Rc7 Bf5 30. Ng6 Rb8 31. h4 Bd3 32. h5 Nb3 33. Rxd3 cxd3 34. h6 1-0

[Event "4th GRENKE Open 2019"]
[Site "Karlsruhe"]
[Date "2019.04.20"]
[Round "5.69"]
[White "Ahlander, Bjorn"]
[Black "Poeck, Ole"]
[Result "1-0"]
[WhiteElo "2410"]
[BlackElo "2254"]
[Annotator "NA"]
[PlyCount "97"]
[EventDate "2019.04.18"]
[EventType "swiss"]
[EventCountry "GER"]
[SourceTitle "playchess.com"]
[Source "ChessBase"]
[SourceQuality "1"]

1. d4 d5 2. Bf4 Nf6 3. e3 e6 4. Nf3 c5 5. c3 Nc6 6. Nbd2 cxd4 7. exd4 Nh5 8. Be3 Bd6 9. Ne5 g6 10. Nd3 f5 11. g3 Qc7 12. Bh6 Nf6 13. Bg2 Kf7 14. O-O Re8 15. Re1 Ng4 16. Bf4 Kg7 17. Bxd5 Bd7 18. Bg2 e5 19. dxe5 Ncxe5 20. Nxe5 Nxe5 21. Bxe5+ Bxe5 22. Nc4 Bf6 23. Qd6 Rac8 24. Rad1 Rxe1+ 25. Rxe1 Bc6 26. Bxc6 Qxc6 27. Re6 Qxc4 28. Qd7+ Kh6 29. Rxf6 Rc7 30. Qd2+ Kg7 31. Qd6 Rf7 32. Rxf7+ Qxf7 33. Qd4+ Kg8 34. Qxa7 Qd5 35. Qd4 Qxa2 36. Qd8+ Kg7 37. Qe7+ Qf7 38. Qxf7+ Kxf7 39. Kf1 Ke6 40. Ke2 Kd5 41. Kd3 b5 42. h4 h6 43. f4 Kc5 44. b3 h5 45. c4 b4 46. Ke3 Kc6 47. Kd4 Kd6 48. c5+ Kc6 49. Kc4 1-0

[Event "4th GRENKE Open 2019"]
[Site "Karlsruhe"]
[Date "2019.04.20"]
[Round "5.70"]
[White "Thinius, Marco"]
[Black "Sieglen, Joachim"]
[Result "0-1"]
[WhiteElo "2406"]
[BlackElo "2233"]
[Annotator "NA"]
[PlyCount "77"]
[EventDate "2019.04.18"]
[EventType "swiss"]
[EventCountry "GER"]
[SourceTitle "playchess.com"]
[Source "ChessBase"]
[SourceQuality "1"]

1. Nf3 d5 2. g3 Bg4 3. Bg2 Nd7 4. c4 e6 5. O-O Ngf6 6. cxd5 exd5 7. d3 Be7 8. Nc3 c6 9. Qc2 O-O 10. e4 Nc5 11. Ne5 Be6 12. f4 Qc7 13. Be3 Rfd8 14. Ne2 Na6 15. a3 Bd6 16. Nf3 Ng4 17. Bd4 dxe4 18. dxe4 c5 19. Bf2 Nxf2 20. Rxf2 Qb6 21. Kh1 Qb3 22. Qxb3 Bxb3 23. Nd2 Be6 24. Nc3 Nc7 25. f5 Bd7 26. Nc4 Be7 27. e5 Rab8 28. Rd1 Be8 29. Rxd8 Bxd8 30. Nd6 b5 31. Nxe8 Nxe8 32. Bc6 Nc7 33. Rd2 b4 34. Ne4 bxa3 35. bxa3 c4 36. Rd4 Be7 37. Rd7 Bd8 38. a4 h6 39. Rd4 0-1

[Event "4th GRENKE Open 2019"]
[Site "Karlsruhe"]
[Date "2019.04.20"]
[Round "5.72"]
[White "Kivisto, Mikko"]
[Black "Sawlin, Leonid"]
[Result "1-0"]
[WhiteElo "2253"]
[BlackElo "2402"]
[Annotator "NA"]
[PlyCount "51"]
[EventDate "2019.04.18"]
[EventType "swiss"]
[EventCountry "GER"]
[SourceTitle "playchess.com"]
[Source "ChessBase"]
[SourceQuality "1"]

1. e4 e6 2. Nf3 d5 3. Nc3 Nf6 4. e5 Nfd7 5. d4 c5 6. dxc5 Nc6 7. Bf4 Nxc5 8. Bd3 Be7 9. h4 Qb6 10. Rb1 Bd7 11. O-O O-O 12. Be3 Qc7 13. Bxh7+ Kxh7 14. Bxc5 Bxc5 15. Ng5+ Kg6 16. Qd3+ f5 17. exf6+ Kxf6 18. Rbe1 Qf4 19. Nce4+ dxe4 20. Qxd7 Qf5 21. Rxe4 Ne5 22. Qd2 Kg6 23. Qe2 Bd6 24. g4 Qf6 25. f4 Rac8 26. Rxe5 1-0

[Event "4th GRENKE Open 2019"]
[Site "Karlsruhe"]
[Date "2019.04.20"]
[Round "5.73"]
[White "Schmidek, Emil"]
[Black "Kerem, Halil Ozgun"]
[Result "1-0"]
[WhiteElo "2393"]
[BlackElo "2223"]
[Annotator "NA"]
[PlyCount "89"]
[EventDate "2019.04.18"]
[EventType "swiss"]
[EventCountry "GER"]
[SourceTitle "playchess.com"]
[Source "ChessBase"]
[SourceQuality "1"]

1. e4 c5 2. Nf3 d6 3. d4 cxd4 4. Nxd4 Nf6 5. Nc3 a6 6. Bg5 e6 7. f4 Qc7 8. Qf3 Nbd7 9. O-O-O b5 10. Bd3 Bb7 11. Rhe1 Qb6 12. Qe3 Rc8 13. Kb1 e5 14. Nf5 Qxe3 15. Nxe3 h6 16. Bxf6 Nxf6 17. a4 b4 18. Ncd5 Nxd5 19. Nxd5 a5 20. Bb5+ Bc6 21. Nb6 Rc7 22. fxe5 dxe5 23. Rd5 f6 24. Red1 Be7 25. Bxc6+ Rxc6 26. Rxa5 Kf7 27. Nd5 Rc4 28. Ra7 Re8 29. a5 Kf8 30. Nb6 Rxe4 31. a6 b3 32. Rb7 bxc2+ 33. Kxc2 Bc5 34. Nd7+ Kg8 35. Nxc5 Rc4+ 36. Kb3 Rxc5 37. a7 Rcc8 38. Rdd7 e4 39. Rxg7+ Kh8 40. Rh7+ Kg8 41. Rhg7+ Kh8 42. Rge7 Red8 43. Rxe4 Rd3+ 44. Ka2 Rdd8 45. Ree7 1-0

[Event "4th GRENKE Open 2019"]
[Site "Karlsruhe"]
[Date "2019.04.20"]
[Round "5.74"]
[White "Di Benedetto, Desiree"]
[Black "D`Costa, Lorin"]
[Result "0-1"]
[WhiteElo "2231"]
[BlackElo "2390"]
[Annotator "TA"]
[PlyCount "38"]
[EventDate "2019.04.18"]
[EventType "swiss"]
[EventCountry "GER"]
[SourceTitle "playchess.com"]
[Source "ChessBase"]
[SourceQuality "1"]

1. d4 Nf6 2. c4 e6 3. Nc3 d5 4. Bg5 Nbd7 5. cxd5 exd5 6. Nf3 c6 7. e3 Be7 8. Bd3 Ne4 9. Bxe7 Qxe7 10. Qc2 Ndf6 11. O-O O-O 12. a3 Bf5 13. b4 a6 14. Ne5 g6 15. Na4 Nd6 16. Bxf5 Nxf5 17. Nc5 Nd6 18. Rfb1 Rac8 19. a4 Rc7 0-1

[Event "4th GRENKE Open 2019"]
[Site "Karlsruhe"]
[Date "2019.04.20"]
[Round "5.75"]
[White "Shyam Prasad Reddy K"]
[Black "Bronstein, Or"]
[Result "0-1"]
[WhiteElo "2215"]
[BlackElo "2387"]
[Annotator "NA"]
[PlyCount "53"]
[EventDate "2019.04.18"]
[EventType "swiss"]
[EventCountry "GER"]
[SourceTitle "playchess.com"]
[Source "ChessBase"]
[SourceQuality "1"]

1. e4 c5 2. Nf3 d6 3. d4 cxd4 4. Nxd4 Nf6 5. Nc3 a6 6. Bg5 Nbd7 7. f4 Qc7 8. Qe2 e5 9. fxe5 dxe5 10. Nf3 Bb4 11. Bd2 b5 12. Qe3 Bc5 13. Qg5 Bb7 14. O-O-O O-O 15. Re1 Rac8 16. Bd3 Rfe8 17. Nh4 Bf8 18. Rhf1 b4 19. Nf5 Kh8 20. Na4 a5 21. b3 Bc6 22. Nb2 Nc5 23. Nc4 Nfxe4 24. Bxe4 Nxe4 25. Qe3 Bd5 26. Qb6 Qd7 27. Rxe4 0-1

[Event "4th GRENKE Open 2019"]
[Site "Karlsruhe"]
[Date "2019.04.20"]
[Round "5.76"]
[White "Brandt, Sebastian"]
[Black "Kosakowski, Jakub"]
[Result "0-1"]
[WhiteElo "2208"]
[BlackElo "2381"]
[Annotator "NA"]
[PlyCount "78"]
[EventDate "2019.04.18"]
[EventType "swiss"]
[EventCountry "GER"]
[SourceTitle "playchess.com"]
[Source "ChessBase"]
[SourceQuality "1"]

1. d4 Nf6 2. c4 g6 3. Nc3 Bg7 4. Nf3 O-O 5. e4 d6 6. h3 Na6 7. Be3 Qe8 8. Qd2 e5 9. d5 Nc5 10. Qc2 a5 11. g4 Qe7 12. Be2 Ne8 13. Bg5 f6 14. Bh4 Bh6 15. Rg1 Qf7 16. Nd2 Kh8 17. O-O-O Bd7 18. Kb1 a4 19. Rdf1 a3 20. b3 c6 21. f3 Nc7 22. Bg3 Be3 23. Bf2 Bd4 24. f4 N7a6 25. fxe5 dxe5 26. Qc1 Nb4 27. Nf3 Bxf2 28. Rxf2 Ncd3 29. Bxd3 Nxd3 30. Qd2 Nxf2 31. Qxf2 b5 32. Rd1 bxc4 33. bxc4 cxd5 34. exd5 Ba4 35. Rd2 Qb7+ 36. Ka1 Qb4 37. Qe3 Qxc4 38. Nxe5 Qf1+ 39. Nd1 fxe5 0-1

[Event "4th GRENKE Open 2019"]
[Site "Karlsruhe"]
[Date "2019.04.20"]
[Round "5.77"]
[White "Carlo, Emanuele"]
[Black "Haast, Mark"]
[Result "0-1"]
[WhiteElo "2195"]
[BlackElo "2381"]
[Annotator "NA"]
[PlyCount "186"]
[EventDate "2019.04.18"]
[EventType "swiss"]
[EventCountry "GER"]
[SourceTitle "playchess.com"]
[Source "ChessBase"]
[SourceQuality "1"]

1. e4 c5 2. Nf3 Nc6 3. Bb5 g6 4. Bxc6 dxc6 5. O-O Bg7 6. h3 Nf6 7. d3 Nd7 8. Nc3 e5 9. a4 Nf8 10. Be3 Ne6 11. Nd2 O-O 12. Nc4 b6 13. Ne2 a5 14. f4 exf4 15. Nxf4 b5 16. Na3 Nxf4 17. Bxf4 Ba6 18. c3 b4 19. Nc4 bxc3 20. bxc3 Bxc4 21. dxc4 Bxc3 22. Rc1 Qxd1 23. Rfxd1 Bd4+ 24. Kf1 f5 25. Bd6 Rf6 26. e5 Re6 27. Rb1 Rae8 28. Rb7 g5 29. Ra7 Bc3 30. Rb1 Bb4 31. Kf2 h5 32. h4 gxh4 33. Rh1 Bc3 34. Rxh4 Rxd6 35. exd6 Be1+ 36. Kf3 Bxh4 37. Rxa5 Kf7 38. Rxc5 Ke6 39. Rxc6 Ra8 40. d7+ Kxd7 41. Rh6 Be7 42. Rxh5 Ke6 43. g4 fxg4+ 44. Kxg4 Rxa4 45. Kf4 Rxc4+ 46. Ke3 Bf6 47. Ra5 Be5 48. Kd3 Rd4+ 49. Ke3 Kf5 50. Ra8 Rc4 51. Rf8+ Bf6 52. Kd3 Rc3+ 53. Kd2 Rh3 54. Ke2 Ke5 55. Kd2 Bg5+ 56. Ke2 Bf4 57. Re8+ Kf5 58. Ra8 Be5 59. Ra4 Rb3 60. Kd2 Ke6 61. Kc2 Rc3+ 62. Kd2 Rh3 63. Ra8 Kd5 64. Kc2 Rc3+ 65. Kd2 Ke4 66. Re8 Rb3 67. Rc8 Rh3 68. Re8 Rh2+ 69. Kd1 Kd4 70. Rd8+ Ke4 71. Rd2 Rh3 72. Re2+ Kd4 73. Rd2+ Kc4 74. Rg2 Bf4 75. Rg8 Rh2 76. Rc8+ Kd3 77. Rd8+ Ke4 78. Re8+ Kf3 79. Rd8 Ra2 80. Rd7 Ke4 81. Re7+ Be5 82. Re8 Kd4 83. Rd8+ Ke3 84. Kc1 Bd4 85. Rg8 Kd3 86. Rg3+ Be3+ 87. Kb1 Rh2 88. Rg8 Bf4 89. Rc8 Be5 90. Rc2 Rh7 91. Rg2 Ra7 92. Ra2 Rb7+ 93. Kc1 Bf4+ 0-1

[Event "4th GRENKE Open 2019"]
[Site "Karlsruhe"]
[Date "2019.04.20"]
[Round "5.78"]
[White "Gschnitzer, Adrian"]
[Black "Zolfagharian, Kevin"]
[Result "0-1"]
[WhiteElo "2380"]
[BlackElo "2192"]
[Annotator "NA"]
[PlyCount "79"]
[EventDate "2019.04.18"]
[EventType "swiss"]
[EventCountry "GER"]
[SourceTitle "playchess.com"]
[Source "ChessBase"]
[SourceQuality "1"]

1. e4 c5 2. Nf3 Nc6 3. d4 cxd4 4. Nxd4 Nf6 5. Nc3 d6 6. Bg5 e6 7. Qd2 Be7 8. O-O-O O-O 9. f4 Nxd4 10. Qxd4 Qa5 11. Kb1 Rd8 12. Bd3 Bd7 13. Qe3 Ng4 14. Qg3 Bxg5 15. Qxg4 Bf6 16. Ne2 Rac8 17. c3 Qb6 18. e5 Be7 19. h4 Ba4 20. f5 Bxd1 21. f6 Bf8 22. Rxd1 dxe5 23. Qe4 g6 24. Rh1 Qc6 25. Qe3 Qc5 26. Qf3 Bh6 27. Nc1 Qe3 28. Qxb7 Rb8 29. Qc7 Qb6 30. Qxb6 Rxb6 31. Be4 Rbd6 32. Nb3 Rd1+ 33. Rxd1 Rxd1+ 34. Kc2 Re1 35. Bb7 e4 36. c4 Re2+ 37. Kc3 Bf4 38. Kd4 e3 39. Ke4 Rxb2 40. Kd4 0-1

[Event "4th GRENKE Open 2019"]
[Site "Karlsruhe"]
[Date "2019.04.20"]
[Round "5.79"]
[White "Colpe, Malte"]
[Black "Siddharth, Jagadeesh"]
[Result "1/2-1/2"]
[WhiteElo "2374"]
[BlackElo "2132"]
[Annotator "NA"]
[PlyCount "94"]
[EventDate "2019.04.18"]
[EventType "swiss"]
[EventCountry "GER"]
[SourceTitle "playchess.com"]
[Source "ChessBase"]
[SourceQuality "1"]

1. d4 Nf6 2. c4 e6 3. Nc3 d5 4. cxd5 exd5 5. Bg5 Be7 6. e3 c6 7. Qc2 Nbd7 8. Bd3 Nh5 9. Bxe7 Qxe7 10. O-O-O g6 11. Kb1 Nb6 12. Nf3 Be6 13. Rc1 O-O-O 14. Na4 Ng7 15. Nc5 Bf5 16. Ka1 Bxd3 17. Qxd3 Ne6 18. Qa3 a6 19. Qb4 Nxc5 20. Qxb6 Nd7 21. Qa5 Qd6 22. Rc3 Qc7 23. Qb4 Nf6 24. Ne5 Ne4 25. Rc2 f6 26. Nd3 Rhe8 27. Rhc1 Rd6 28. Qb3 Qa5 29. Nb4 Qb5 30. f3 Ng5 31. Rc5 Qb6 32. Nxc6 Qxb3 33. Nb4+ Kb8 34. axb3 Rxe3 35. Rxd5 Rxd5 36. Nxd5 Rd3 37. Nxf6 Rxd4 38. Rc5 h6 39. Kb1 Rd2 40. Rc2 Rd1+ 41. Ka2 Ne6 42. Re2 Nf4 43. Re8+ Ka7 44. Rg8 Rd2 45. g3 Nd3 46. Rxg6 Re2 47. Ka3 Nb4 1/2-1/2

[Event "4th GRENKE Open 2019"]
[Site "Karlsruhe"]
[Date "2019.04.20"]
[Round "5.80"]
[White "Schulze, Marc"]
[Black "Chekletsov, Ilya"]
[Result "1/2-1/2"]
[WhiteElo "2181"]
[BlackElo "2373"]
[Annotator "NA"]
[PlyCount "53"]
[EventDate "2019.04.18"]
[EventType "swiss"]
[EventCountry "GER"]
[SourceTitle "playchess.com"]
[Source "ChessBase"]
[SourceQuality "1"]

1. d4 Nf6 2. Bf4 e6 3. e3 b6 4. Nf3 Bb7 5. Bd3 Be7 6. h3 c5 7. Nbd2 d6 8. c3 Nbd7 9. Qe2 Qc7 10. O-O O-O 11. e4 e5 12. dxe5 dxe5 13. Bh2 Rfe8 14. Ba6 Bd6 15. a4 Nf8 16. Bxb7 Qxb7 17. Nc4 Bc7 18. Rfe1 Ng6 19. Rad1 Qc6 20. Qc2 Rac8 21. Bg3 Bb8 22. Nh4 Nxh4 23. Bxh4 Nh5 24. Rd2 h6 25. Red1 Nf4 26. Bg3 Ng6 27. Rd5 1/2-1/2

[Event "4th GRENKE Open 2019"]
[Site "Karlsruhe"]
[Date "2019.04.20"]
[Round "5.81"]
[White "Miedema, David"]
[Black "Nguyen, Alex Dac-Vuong"]
[Result "1-0"]
[WhiteElo "2369"]
[BlackElo "2112"]
[Annotator "NA"]
[PlyCount "79"]
[EventDate "2019.04.18"]
[EventType "swiss"]
[EventCountry "GER"]
[SourceTitle "playchess.com"]
[Source "ChessBase"]
[SourceQuality "1"]

1. e4 e6 2. d4 d5 3. Nc3 Nf6 4. e5 Nfd7 5. f4 c5 6. Nf3 Nc6 7. Be3 Be7 8. Qd2 O-O 9. g3 a6 10. Bg2 b5 11. O-O Qc7 12. Ne2 Nb6 13. b3 b4 14. dxc5 Nd7 15. c3 Nxc5 16. cxb4 Ne4 17. Qc2 Bb7 18. a3 Rac8 19. Nd2 Nd4 20. Nxd4 Qxc2 21. Nxc2 Nxd2 22. Bxd2 Rxc2 23. Rfd1 Rfc8 24. Rac1 Bd8 25. Rxc2 Rxc2 26. Be3 Rc3 27. Bc5 Rxb3 28. f5 exf5 29. Bxd5 Bxd5 30. Rxd5 Bg5 31. a4 h5 32. Rd6 a5 33. bxa5 Be7 34. a6 Rb1+ 35. Kg2 Ra1 36. a7 Rxa4 37. Bb6 Ra2+ 38. Kf1 Ra1+ 39. Ke2 Ra2+ 40. Rd2 1-0

[Event "4th GRENKE Open 2019"]
[Site "Karlsruhe"]
[Date "2019.04.20"]
[Round "5.82"]
[White "Schelle, Artur"]
[Black "Kramer, Julian"]
[Result "1/2-1/2"]
[WhiteElo "2168"]
[BlackElo "2369"]
[Annotator "NA"]
[PlyCount "71"]
[EventDate "2019.04.18"]
[EventType "swiss"]
[EventCountry "GER"]
[SourceTitle "playchess.com"]
[Source "ChessBase"]
[SourceQuality "1"]

1. d4 Nf6 2. Nf3 d5 3. Bf4 e6 4. e3 c5 5. c3 Bd6 6. Bg3 O-O 7. Nbd2 Qc7 8. Bd3 Nbd7 9. Qe2 e5 10. dxe5 Nxe5 11. Nxe5 Bxe5 12. Nf3 Bd6 13. Bxd6 Qxd6 14. h3 b6 15. Rd1 Bb7 16. Ba6 Qe7 17. Bxb7 Qxb7 18. O-O Rfe8 19. Qc2 Qc6 20. Rd3 b5 21. Rfd1 a5 22. Nh2 Rad8 23. Nf1 g6 24. Ng3 h5 25. Ne2 Re5 26. h4 c4 27. Rd4 Re4 28. Nf4 Rxd4 29. Rxd4 Kg7 30. Qd1 Rd7 31. a3 Qb7 32. Qd2 Ne4 33. Qd1 Nf6 34. Qd2 Ne4 35. Qd1 Nf6 36. Qd2 1/2-1/2

[Event "4th GRENKE Open 2019"]
[Site "Karlsruhe"]
[Date "2019.04.20"]
[Round "5.83"]
[White "Farago, Ivan"]
[Black "Yi, Danny"]
[Result "0-1"]
[WhiteElo "2367"]
[BlackElo "2105"]
[Annotator "NA"]
[PlyCount "72"]
[EventDate "2019.04.18"]
[EventType "swiss"]
[EventCountry "GER"]
[SourceTitle "playchess.com"]
[Source "ChessBase"]
[SourceQuality "1"]

1. d4 Nf6 2. c4 g6 3. Nc3 d5 4. cxd5 Nxd5 5. e4 Nxc3 6. bxc3 Bg7 7. Bc4 c5 8. Ne2 Nc6 9. Be3 cxd4 10. cxd4 O-O 11. O-O Na5 12. Bd3 b6 13. Rc1 Bb7 14. Qd2 Qd7 15. Bh6 Rfc8 16. Bxg7 Kxg7 17. d5 e6 18. Qb2+ Kg8 19. Bb5 Qe7 20. Qe5 Rc5 21. Bd3 Nc6 22. Qb2 exd5 23. Rxc5 Qxc5 24. Nf4 Nb4 25. Rc1 Qe7 26. e5 Nxd3 27. Nxd3 Rc8 28. Rxc8+ Bxc8 29. Qd4 Be6 30. h4 Qa3 31. Qe3 h5 32. Qd2 d4 33. Kh2 Qc3 34. Qd1 Bg4 35. f3 Bf5 36. Nf4 Qe3 0-1